Smash Bros Ultimate Champions - version pixels - Statistiques

Statistiques générales
  • Ce quiz a été pris 295 fois
  • Le résultat moyen est 8 sur 12
Statistiques - réponses
Par images Réponse % Correct
Diddy Kong
100%
Donkey Kong
100%
Ken
100%
Kirby
100%
Link
100%
Luigi
100%
Pac-Man
100%
Pikachu
100%
Yoshi
100%
Sonic
97%
Bowser
96%
Pichu
96%
Samus
96%
Steve
96%
Wario
96%
Carapuce
95%
Mega Man
95%
Dr. Mario
93%
Rondoudou
93%
Lucario
92%
Mewtwo
92%
Peach
92%
Wolf
92%
Dracaufeu
91%
Lucas
91%
Ryu
91%
Fox
89%
Mario
89%
Little Mac
88%
Ness
88%
Snake
88%
Daisy
86%
Sheik
86%
Richter
85%
Bowser Jr.
83%
Olimar
83%
Ganondorf
80%
Falco
79%
Pit
79%
Marth
77%
Cloud
75%
Sora
74%
Ridley
73%
Shulk
73%
Simon
73%
Captain Falcon
71%
Isabelle
71%
Ice Climbers
68%
Ike
68%
Inkling
68%
Meta Knight
68%
Duck Hunt
67%
Greninja
67%
Mr. Game & Watch
66%
Pyra
65%
Hero
64%
Palutena
64%
Terry
64%
Kazuya
63%
R.O.B.
63%
Zelda
63%
Alex
61%
Byleth
61%
Toon Link
61%
Wii Fit Trainer
61%
Dark Samus
60%
Min Min
60%
Bayonetta
58%
Banjo & Kazooie
57%
Lucina
57%
Chrom
56%
Roy
55%
Pyra & Mythra
54%
Zero Suit Samus
52%
Corrin
50%
Robin
48%
Villager
48%
Piranha Plant
46%
Dark Pit
45%
King Dedede
44%
Sephiroth
43%
Incineroar
42%
Joker
40%
Young Link
38%
Mythra
29%
Rosalina & Luma
25%
Herbizzare
22%
Byleth
20%
King K. Roll
12%
Mii Figfhter
0%
Mii Figfhter
0%
Mii Figfhter
0%
Pkémon Trainer
0%
Aucun quiz correspondant
Distribution des résultats
% des personnes avec chaque résultat
Percentile par nombre de réponses
Votre historique - résultats
Vous n’avez pas pris ce quiz